MARC

LEADER 00000nam0a2200000 4500
001 672898
005 20241106133613.0
090 |a 672898 
100 |a 20240603d2013 km|y0rusy50 ca 
101 0 |a rus 
102 |a RU 
105 |a y gn 000yy 
181 0 |a i   |b  e  
182 0 |a n 
183 0 |a nc  |2 RDAcarrier 
200 1 |a Студент и закон  |e справочник студента по состоянию на 01.09.2013 г.  |f Томская область, Департамент по молодежной политике, физической культуре и спорту, Департамент среднего профессионального и начального профессионального образования 
210 |a Томск  |c Интегральный переплет  |d 2013 
215 |a 50 с. 
606 1 |a Высшее образование  |x Федеральные законы  |x Правовое обеспечение  |y РФ  |9 83741 
610 1 |a право 
610 1 |a законы 
610 1 |a студенты 
610 1 |a Российская Федерация 
610 1 |a вузы 
610 1 |a целевая форма обучения 
610 1 |a обучение 
610 1 |a отчисление 
610 1 |a восстановление 
610 1 |a стипендия 
610 1 |a общежитие 
610 1 |a социальная поддержка 
610 1 |a материальная поддержка 
610 1 |a академический отпуск 
610 1 |a образовательные кредиты 
610 1 |a иностранные студенты 
610 1 |a справочники 
686 |2 rubbk  |a Х621.121я2 
702 1 |4 220  |a Тихонюк  |b О. И. 
712 0 1 |a Томская область  |b Департамент по молодежной политике, физической культуре и спорту  |4 570  |9 26811 
712 0 2 |7 ca  |8 rus  |a Томская область  |b Департамент среднего профессионального и начального профессионального образования  |4 570  |9 88612 
801 0 |a RU  |b 634135 
942 |c BK